A businessman's guide to the GATT Customs Valuation Code. (Record no. 4592)

000 -LEADER
fixed length control field nam a22 a 4500
005 - DATE AND TIME OF LATEST TRANSACTION
control field 20170601120439.0
008 - FIXED-LENGTH DATA ELEMENTS--GENERAL INFORMATION
fixed length control field 170601s1980 fr ||||| |||| 00| 0 eng d
040 ## - CATALOGING SOURCE
Original cataloging agency AKMAL
082 ## - DEWEY DECIMAL CLASSIFICATION NUMBER
Classification number 382.92 BUS
090 ## - LOCALLY ASSIGNED LC-TYPE CALL NUMBER (OCLC); LOCAL CALL NUMBER (RLIN)
Classification number (OCLC) (R) ; Classification number, CALL (RLIN) (NR) 382.92
Local cutter number (OCLC) ; Book number/undivided call number, CALL (RLIN) BUS
100 10 - MAIN ENTRY--PERSONAL NAME
Personal name Sherman, Saul L.
9 (RLIN) 8846
245 02 - TITLE STATEMENT
Title A businessman's guide to the GATT Customs Valuation Code.
260 ## - PUBLICATION, DISTRIBUTION, ETC.
Place of publication, distribution, etc. Paris :
Name of publisher, distributor, etc. International Chamber of Commerce,
Date of publication, distribution, etc. 1980.
300 ## - PHYSICAL DESCRIPTION
Extent 135pages
Dimensions 25 cm
700 1# - ADDED ENTRY--PERSONAL NAME
Personal name Glashoff, Hinrich.
9 (RLIN) 8847
942 ## - ADDED ENTRY ELEMENTS (KOHA)
Source of classification or shelving scheme
Koha item type Book
950 ## - LOCAL HOLDINGS (RLIN)
Permanent shelving location, LOC (RLIN) AKMAL
Holdings
Withdrawn status Lost status Source of classification or shelving scheme Damaged status Not for loan Collection code Home library Current library Shelving location Date acquired Inventory number Total Checkouts Full call number Barcode Date last seen Price effective from Koha item type
          NON-FICTION AKMAL Melaka AKMAL Melaka PINJAMAN 01.06.2017 000005   382.92 BUS 201707299 01.06.2017 01.06.2017 Book
          NON-FICTION AKMAL Melaka AKMAL Melaka PINJAMAN 01.06.2017 000006   382.92 BUS 201707300 01.06.2017 01.06.2017 Book
Pusat Sumber Maklumat Dato' Haji Sarmin Md Hussin, Akademi Kastam Diraja Malaysia, Melaka
Tel: 06-2331106 | Faks: 06-2313787